[Event "17th Unive Open 2013"]
[Site "Hoogeveen NED"]
[Date "2013.10.18"]
[Round "1.2"]
[White "Lee, Kai Jie Edward"]
[Black "L'Ami, Erwin"]
[Result "0-1"]
[BlackTitle "GM"]
[WhiteElo "2164"]
[BlackElo "2645"]
[WhiteFideId "5802920"]
[BlackFideId "1007998"]
[EventDate "2013.10.18"]

1. e4 e5 2. Nf3 Nc6 3. Bb5 a6 4. Ba4 Nf6 5. d3 d6 6. c3 Be7 7. O-O O-O 8. Re1
Kh8 9. Nbd2 Ng8 10. d4 b5 11. Bc2 Bf6 12. Nf1 Bg4 13. d5 Nce7 14. h3 Bd7 15.
N3h2 Ng6 16. Qh5 Nf4 17. Bxf4 exf4 18. Qf3 Be5 19. Ng4 Bxg4 20. Qxg4 Nf6 21. Qe2
g5 22. g4 h5 23. Kg2 Kg7 24. f3 Rh8 25. Nd2 hxg4 26. fxg4 Nd7 27. Nf3 Nf8 28.
Rh1 Ng6 29. Bd3 Nh4+ 30. Nxh4 Rxh4 31. a4 bxa4 32. Rxa4 a5 33. Rha1 Rb8 34. R1a2
Qf6 35. Qf3 Rbh8 36. Ra1 Rxh3 37. Qxh3 f3+ 0-1

[Event "17th Unive Open 2013"]
[Site "Hoogeveen NED"]
[Date "2013.10.18"]
[Round "1.4"]
[White "Vistisen, Lars"]
[Black "Ernst, Sipke"]
[Result "0-1"]
[BlackTitle "GM"]
[WhiteElo "2163"]
[BlackElo "2573"]
[WhiteFideId "1404598"]
[BlackFideId "1004689"]
[EventDate "2013.10.18"]

1. e4 e5 2. Nf3 Nc6 3. d4 exd4 4. Nxd4 g6 5. b3 Bg7 6. Bb2 Qe7 7. f3 f5 8. Nxc6
dxc6 9. Bxg7 Qxg7 10. c3 fxe4 11. Bc4 Nf6 12. O-O b5 13. Be2 Nd5 14. Bxb5 Bd7
15. Qe2 O-O 16. fxe4 Rxf1+ 17. Qxf1 Rf8 18. Qd3 Qf7 19. Nd2 Nf4 20. Qe3 cxb5 21.
Rf1 Qf6 22. g3 Qxc3 23. Qxc3 Ne2+ 24. Kg2 Nxc3 25. Rc1 b4 0-1

[Event "17th Unive Open 2013"]
[Site "Hoogeveen NED"]
[Date "2013.10.18"]
[Round "1.5"]
[White "Haslinger, Stewart G"]
[Black "Zepeda, Lorena"]
[Result "1/2-1/2"]
[WhiteTitle "GM"]
[BlackTitle "WIM"]
[WhiteElo "2543"]
[BlackElo "2156"]
[WhiteFideId "405248"]
[BlackFideId "6700233"]
[EventDate "2013.10.18"]

1. e4 c5 2. Nf3 d6 3. d4 cxd4 4. Nxd4 Nf6 5. Nc3 a6 6. Be3 e5 7. Nb3 Be6 8. h3
Be7 9. Qf3 O-O 10. g4 d5 11. exd5 Nxd5 12. O-O-O Nxc3 13. Rxd8 Rxd8 14. Bd3 Bd5
15. Qf5 g6 16. Qxe5 Nxa2+ 17. Kb1 Nc6 18. Qh2 Nab4 19. Nc1 Bxh1 20. Qxh1 Nxd3
21. Nxd3 a5 22. h4 a4 23. h5 Bf6 24. Bc5 Ne5 25. Nxe5 Bxe5 26. Qe4 Bg7 27. f4 b5
28. c3 1/2-1/2

[Event "17th Unive Open 2013"]
[Site "Hoogeveen NED"]
[Date "2013.10.18"]
[Round "1.6"]
[White "Knol, Geon"]
[Black "Moskalenko, Viktor1"]
[Result "0-1"]
[BlackTitle "GM"]
[WhiteElo "2147"]
[BlackElo "2520"]
[WhiteFideId "1012142"]
[BlackFideId "14100100"]
[EventDate "2013.10.18"]

1. e4 d6 2. Nc3 g6 3. g3 Bg7 4. Bg2 c5 5. d3 Nc6 6. Be3 Nf6 7. h3 O-O 8. Qd2 e5
9. Nge2 Nd4 10. Nd1 d5 11. c3 Nxe2 12. Bxc5 Nxg3 13. fxg3 Re8 14. Be3 dxe4 15.
dxe4 Qxd2+ 16. Bxd2 Nh5 17. Kf2 Rd8 18. Bg5 f6 19. Bc1 Bf8 20. Re1 Be6 21. Ne3
Bc5 22. h4 Rd7 23. Bf3 Nf4 24. gxf4 exf4 25. Ke2 fxe3 26. Bxe3 Bc4+ 27. Kf2
Bxe3+ 28. Rxe3 Rd2+ 29. Kg3 Rxb2 30. e5 Re8 31. Rae1 f5 32. Rd1 Re7 33. a4 b6
34. Rd4 Be6 35. Rd6 Kf7 36. Kf4 Ra2 37. Rd4 h6 38. Bc6 Rf2+ 39. Kg3 Rf1 40. Re2
Rc1 41. Re3 g5 42. Kf2 Rc2+ 43. Ke1 f4 44. Red3 Bf5 45. Bd5+ Kg6 46. Bc4 Rxe5+
47. Kd1 Rh2 48. Rd6+ Kg7 0-1

[Event "17th Unive Open 2013"]
[Site "Hoogeveen NED"]
[Date "2013.10.18"]
[Round "1.9"]
[White "Levin, Felix"]
[Black "Lopez, Jasel"]
[Result "1-0"]
[WhiteTitle "GM"]
[BlackTitle "CM"]
[WhiteElo "2480"]
[BlackElo "2130"]
[WhiteFideId "4650905"]
[BlackFideId "15900045"]
[EventDate "2013.10.18"]

1. d4 Nf6 2. Nf3 e6 3. c4 c5 4. e3 b6 5. Nc3 d6 6. Bd3 Be7 7. h3 Nbd7 8. d5 exd5
9. cxd5 a6 10. a4 O-O 11. O-O Ne8 12. e4 Bf6 13. Bf4 Be5 14. Nxe5 dxe5 15. Be3
Nd6 16. Nb1 c4 17. Bc2 Bb7 18. Qd2 Rc8 19. Qb4 Nc5 20. Nd2 f5 21. f3 a5 22. Qc3
fxe4 23. fxe4 Rxf1+ 24. Rxf1 Qe8 25. Bxc5 Rxc5 26. Nf3 Nf7 27. Rd1 Bc8 28. b4
cxb3 29. Qxb3 b5 30. axb5 Rxb5 31. Qc3 Qd8 32. Kh1 Qf8 33. d6 Be6 34. Qc6 Rb4
35. d7 Nd8 36. Qa6 Bxh3 37. Qxa5 Bg4 38. Qd5+ Kh8 39. Rf1 Qf6 40. Nh2 Be6 41.
Rxf6 Bxd5 42. Rf8+ Bg8 43. Rxd8 1-0

[Event "17th Unive Open 2013"]
[Site "Hoogeveen NED"]
[Date "2013.10.18"]
[Round "1.10"]
[White "Van Foreest, Lucas"]
[Black "Donchenko, Alexander"]
[Result "0-1"]
[BlackTitle "IM"]
[WhiteElo "2122"]
[BlackElo "2479"]
[WhiteFideId "1039792"]
[BlackFideId "24603295"]
[EventDate "2013.10.18"]

1. d4 d5 2. c4 dxc4 3. e3 e5 4. Bxc4 exd4 5. exd4 Nf6 6. Nf3 Bd6 7. O-O O-O 8.
h3 h6 9. Nc3 Nc6 10. Re1 Re8 11. Be3 a6 12. a3 Bf5 13. Rc1 Qd7 14. Ba2 Rad8 15.
Na4 Bxh3 16. gxh3 Qxh3 17. Bb1 Ng4 18. Bf5 Rxe3 0-1

[Event "17th Unive Open 2013"]
[Site "Hoogeveen NED"]
[Date "2013.10.18"]
[Round "1.11"]
[White "Tania, Sachdev"]
[Black "Bottema, Tom"]
[Result "1-0"]
[WhiteTitle "IM"]
[WhiteElo "2438"]
[BlackElo "2175"]
[WhiteFideId "5007844"]
[BlackFideId "1004778"]
[EventDate "2013.10.18"]

1. d4 g6 2. c4 Bg7 3. Nc3 d6 4. e4 e5 5. d5 a5 6. g3 Na6 7. Bg2 Nc5 8. Nge2 h5
9. h3 Nh6 10. Be3 O-O 11. Qd2 Kh7 12. g4 f5 13. exf5 gxf5 14. g5 Nf7 15. O-O-O
f4 16. Bxc5 dxc5 17. g6+ Kxg6 18. Be4+ Kh6 19. Rdg1 Ng5 20. Bc2 Bf5 21. Bxf5
Rxf5 22. Qd3 e4 23. Nxe4 Nxe4 24. Qxe4 Qf6 25. Nc3 Re5 26. Qc2 f3 27. Rg3 Rae8
28. Qd2+ Kh7 29. Qd3+ Kh8 30. Rxf3 Qg5+ 31. Kc2 Re1 32. Rxe1 Rxe1 33. Re3 Rxe3
34. Qxe3 Qf5+ 35. Kb3 b6 36. Qe8+ Kh7 37. Qe4 Kg6 38. Qe8+ Kh7 39. Qe7 Qe5 40.
Qxe5 Bxe5 41. Kc2 Kg6 42. Kd3 Kg5 43. Ke4 Bh2 44. Nb5 Bf4 45. b3 Bh2 46. Kf3 Kh4
47. Kg2 Be5 48. Na7 Kg5 49. Nc6 Bf6 50. Kg3 Kf5 51. Kf3 Kg5 52. Nb8 Be5 53. Nc6
Bf6 54. Kg3 Kf5 55. Na7 Ke4 56. Nb5 Bg5 57. d6 cxd6 58. Nxd6+ Kd3 59. f4 Be7 60.
Nc8 Bd8 61. Kf3 a4 62. Na7 Kc3 63. Ke4 axb3 64. axb3 Kxb3 65. Kd3 Bf6 66. f5 Kb4
67. Nb5 Kb3 68. Nd6 Kb4 69. Ke4 Be7 70. Kd5 Kc3 71. f6 Bf8 72. Nc8 Kd3 73. Nxb6 1-0

[Event "17th Unive Open 2013"]
[Site "Hoogeveen NED"]
[Date "2013.10.18"]
[Round "1.14"]
[White "Lessmann, Francis"]
[Black "Van Wessel, Rudy"]
[Result "1-0"]
[BlackTitle "FM"]
[WhiteElo "2109"]
[BlackElo "2388"]
[WhiteFideId "1001949"]
[BlackFideId "1004395"]
[EventDate "2013.10.18"]

1. d4 Nf6 2. c4 c5 3. d5 b5 4. cxb5 a6 5. e3 g6 6. Nc3 Bg7 7. a4 O-O 8. Ra3 d6
9. Nf3 Nbd7 10. bxa6 Bxa6 11. Bxa6 Rxa6 12. Nd2 e6 13. Qe2 Qa8 14. dxe6 fxe6 15.
O-O d5 16. Nb5 Rb6 17. b3 Nh5 18. Ra2 Rfb8 19. Nf3 Nhf6 20. Ng5 Qa6 21. Qc2 R6b7
22. Rd1 Ra8 23. Ra3 Bf8 24. Bb2 c4 25. Raa1 cxb3 26. Qxb3 h6 27. Nf3 Kh7 28. Qc2
Bg7 29. Bd4 Re8 30. Nh4 Nf8 31. Rac1 e5 32. Ba1 Ree7 33. Nf3 N8d7 34. Qc6 Rb6
35. Qc2 Rb7 36. h4 Qe6 37. Qc6 Rb6 38. Qxe6 Rbxe6 39. Nc7 Rd6 40. Bb2 Rb6 41.
Ba3 Rf7 42. Nxd5 Nxd5 43. Rxd5 e4 44. Nd4 Ne5 45. Rd6 Rbb7 46. Ne6 Nd3 47. Rf1
Rb3 48. Bc5 Be5 49. Rd7 Kg8 50. Rd8+ Kh7 51. Bd4 Bxd4 52. Rxd4 Rb2 53. Rxe4 Nxf2
54. Rd4 Ra2 55. a5 Rxa5 56. Rd2 Re5 57. Nd8 Nh3+ 58. gxh3 Rxf1+ 59. Kxf1 Rxe3
60. Kg2 Ra3 61. Ne6 Kg8 62. Rd7 Ra2+ 63. Kg3 Ra3+ 64. Kg4 Ra4+ 65. Nf4 Rb4 66.
Kf3 Rb3+ 67. Ke4 g5 68. hxg5 hxg5 69. Nd5 Rxh3 70. Nf6+ Kh8 71. Kf5 Rh6 72. Ra7
g4 73. Kg5 1-0

[Event "17th Unive Open 2013"]
[Site "Hoogeveen NED"]
[Date "2013.10.18"]
[Round "1.15"]
[White "Van Kooten, Luuk"]
[Black "Algera, Symon"]
[Result "1-0"]
[WhiteTitle "FM"]
[WhiteElo "2375"]
[BlackElo "2108"]
[WhiteFideId "1006533"]
[BlackFideId "1004859"]
[EventDate "2013.10.18"]

1. d4 Nf6 2. c4 e5 3. dxe5 Ng4 4. Bf4 Nc6 5. Nf3 Bb4+ 6. Nbd2 Qe7 7. e3 Ncxe5 8.
Nxe5 Nxe5 9. Be2 O-O 10. O-O d6 11. Nb3 Bd7 12. a3 Bc5 13. Nxc5 dxc5 14. Bxe5
Qxe5 15. Qxd7 Rad8 16. Qa4 Rd2 17. Bf3 Rxb2 18. Rab1 a6 19. Bxb7 1-0

[Event "17th Unive Open 2013"]
[Site "Hoogeveen NED"]
[Date "2013.10.18"]
[Round "1.17"]
[White "Schroeder, Jan-Christian"]
[Black "Klomp, Robert"]
[Result "1-0"]
[WhiteTitle "FM"]
[WhiteElo "2370"]
[BlackElo "2105"]
[WhiteFideId "24662259"]
[BlackFideId "1012584"]
[EventDate "2013.10.18"]

1. e4 e6 2. d4 d5 3. e5 c5 4. c3 Nc6 5. Nf3 Bd7 6. Be2 cxd4 7. cxd4 Qb6 8. Nc3
Bb4 9. O-O Bxc3 10. bxc3 Rc8 11. Ba3 Nge7 12. Bd3 Na5 13. Rb1 Qc7 14. Ng5 Bc6
15. Qh5 Ng8 16. Nxe6 Qd7 17. Nxg7+ Kd8 18. Bf5 1-0

[Event "17th Unive Open 2013"]
[Site "Hoogeveen NED"]
[Date "2013.10.18"]
[Round "1.19"]
[White "Okkes, Menno"]
[Black "Vos, Tjark"]
[Result "1-0"]
[WhiteTitle "FM"]
[WhiteElo "2351"]
[BlackElo "2097"]
[WhiteFideId "1000756"]
[BlackFideId "1020870"]
[EventDate "2013.10.18"]

1. Nf3 Nf6 2. c4 e6 3. g3 d5 4. Bg2 Nbd7 5. Qc2 Be7 6. O-O O-O 7. d4 dxc4 8.
Qxc4 c5 9. dxc5 Bxc5 10. Nc3 Qe7 11. Bg5 h6 12. Bxf6 Nxf6 13. Rac1 b6 14. Nd2
Bb7 15. Bxb7 Qxb7 16. Nce4 Nxe4 17. Qxe4 Qe7 18. Rc2 Rfd8 19. Nb3 Bd6 20. Rfc1
Qf6 21. Nd2 g6 22. Nf3 Bf8 23. Ne1 Rd5 24. Nd3 Rad8 25. Rc7 a5 26. Rb7 b5 27.
Rcc7 Bd6 28. Rxf7 Qxf7 29. Rxf7 Kxf7 30. Nf4 Bxf4 31. Qxf4+ Kg7 32. Qc7+ Kf6 33.
Qxa5 Rc8 34. e4 Re5 35. Qb4 Kf7 36. Qd4 Rec5 37. e5 Rd5 38. Qf4+ Ke8 39. Qxh6
Rcc5 40. Qxg6+ Kd7 41. Qf7+ Kd8 42. Qxe6 Rxe5 43. Qd6+ Ke8 44. Kg2 Kf7 45. h4
Rcd5 46. Qc7+ Kf6 47. Qc6+ Kg7 48. Kh3 Rd3 49. Qb7+ Kf6 50. a4 Rb3 51. Qb6+ Kf7
52. Qc7+ Kf6 53. Qd6+ Kf5 54. f4 Ree3 55. Qd5+ 1-0

[Event "17th Unive Open 2013"]
[Site "Hoogeveen NED"]
[Date "2013.10.18"]
[Round "1.20"]
[White "Henseler, Jorgen"]
[Black "De Jong, Migchiel"]
[Result "0-1"]
[BlackTitle "IM"]
[WhiteElo "2088"]
[BlackElo "2345"]
[WhiteFideId "1023233"]
[BlackFideId "1002848"]
[EventDate "2013.10.18"]

1. e4 c5 2. Nf3 e6 3. d4 cxd4 4. Nxd4 a6 5. Bd3 Nf6 6. O-O e5 7. Nb3 d6 8. Bg5
Be7 9. Bxf6 Bxf6 10. Nc3 Be6 11. Nd5 Bxd5 12. exd5 O-O 13. c4 Nd7 14. Nd2 g6 15.
Rc1 a5 16. Ne4 Be7 17. a3 a4 18. Nc3 Bg5 19. Rb1 Nc5 20. Bc2 Qd7 21. Qe2 f5 22.
Rbe1 Bf6 23. Qd2 Rfe8 24. Kh1 Bd8 25. Qd1 Bb6 26. Nb5 Re7 27. Re2 e4 28. Nc3 Re5
29. f3 exf3 30. Rxf3 Qe7 31. Rxe5 Qxe5 32. Rf1 Ne4 33. Bxe4 fxe4 34. Qc2 e3 35.
Ne2 Rf8 36. Rxf8+ Kxf8 37. h3 Ke7 38. Kg1 Qf6 39. Qe4+ Kd7 40. Qc2 Qf2+ 41. Kh2
Kc8 42. Qxa4 Qxe2 43. Qe8+ Bd8 44. Qe6+ Kc7 45. Qf7+ Kb6 46. Qd7 Kc5 47. Qxd8
Qxc4 48. Kg3 Qxd5 49. Qa5+ Kd4 50. Qc3+ Ke4 51. Qb4+ Kd3 52. Qe1 Qe5+ 53. Kf3
Qf5+ 54. Kg3 Qf2+ 0-1

[Event "17th Unive Open 2013"]
[Site "Hoogeveen NED"]
[Date "2013.10.18"]
[Round "1.21"]
[White "Slingerland, Fred"]
[Black "Stavast, Dick"]
[Result "1-0"]
[WhiteTitle "IM"]
[WhiteElo "2345"]
[BlackElo "2088"]
[WhiteFideId "1002473"]
[BlackFideId "1014005"]
[EventDate "2013.10.18"]

1. e4 e5 2. Nf3 d6 3. d4 exd4 4. Nxd4 Nf6 5. Nc3 Be7 6. Bc4 O-O 7. O-O Re8 8.
Re1 Nbd7 9. Bf4 Bf8 10. Nf3 Nc5 11. e5 Be6 12. Bb5 c6 13. exf6 cxb5 14. Nxb5 Qb6
15. Nfd4 a6 16. fxg7 Bxg7 17. Nxd6 Red8 18. Nxe6 Nxe6 19. Bg3 Rd7 20. Qd5 Nc7
21. Qd3 Qc6 22. Qa3 Rad8 23. Nf5 Qxc2 24. Nxg7 Kxg7 25. Be5+ Kg8 26. Qg3+ 1-0

[Event "17th Unive Open 2013"]
[Site "Hoogeveen NED"]
[Date "2013.10.18"]
[Round "1.23"]
[White "Bezemer, Arno"]
[Black "Smeets, Pierre"]
[Result "1-0"]
[WhiteTitle "FM"]
[WhiteElo "2327"]
[BlackElo "2076"]
[WhiteFideId "1001396"]
[BlackFideId "1043820"]
[EventDate "2013.10.18"]

1. d4 d5 2. c4 c6 3. Nf3 Nf6 4. Nc3 dxc4 5. a4 Bf5 6. e3 e6 7. Bxc4 Nbd7 8. O-O
Bb4 9. Qe2 Bg6 10. e4 Bh5 11. Rd1 O-O 12. Bf4 Re8 13. h3 Bxc3 14. bxc3 Qa5 15.
g4 Bg6 16. Bd3 c5 17. Rab1 c4 18. Bc2 b6 19. Bd6 Rac8 20. Ne5 Qxc3 21. Nxg6 hxg6
22. Kg2 Qa5 23. f4 Qa6 24. Ba3 Qb7 25. Kh2 Nb8 26. Rf1 Nc6 27. Rbd1 Red8 28. Qf2
Na5 29. e5 Nd5 30. f5 g5 31. h4 Nf4 32. hxg5 Nd3 33. Qh4 Qe4 34. Rde1 Qxd4 35.
g6 1-0

[Event "17th Unive Open 2013"]
[Site "Hoogeveen NED"]
[Date "2013.10.18"]
[Round "1.24"]
[White "Buckels, Valentin"]
[Black "Van Foreest, Jorden"]
[Result "0-1"]
[WhiteElo "2058"]
[BlackElo "2310"]
[WhiteFideId "12942766"]
[BlackFideId "1039784"]
[EventDate "2013.10.18"]

1. d4 d5 2. c4 c6 3. e3 Bf5 4. Nf3 e6 5. Nc3 Nd7 6. Qb3 Rb8 7. Be2 h6 8. O-O
Ngf6 9. Rd1 Bd6 10. Bd2 O-O 11. Be1 Qe7 12. Nh4 Bh7 13. f4 dxc4 14. Qxc4 Nd5 15.
Nxd5 exd5 16. Qb3 Bxf4 17. Bf2 Bc7 18. Nf3 Nf6 19. Bd3 Ne4 20. Bh4 f6 21. Be1
Rfe8 22. Bb4 Qe6 23. Re1 a5 24. Ba3 Ng5 25. Nxg5 hxg5 26. Bxh7+ Kxh7 27. Qc2+ g6
28. Qf2 g4 29. Re2 Kg7 30. g3 Rh8 31. Rf1 f5 32. Qe1 Rh3 33. Rff2 Qe4 34. Rg2
Rbh8 35. b3 Qf3 36. Rd2 Rxh2 37. Rxh2 Bxg3 38. Rxh8 Bxe1 39. Rdh2 Bf2+ 40. Rxf2
Qg3+ 0-1

[Event "17th Unive Open 2013"]
[Site "Hoogeveen NED"]
[Date "2013.10.18"]
[Round "1.25"]
[White "Piasetski, Leon"]
[Black "Van Der Veen, Jan"]
[Result "1-0"]
[WhiteTitle "IM"]
[WhiteElo "2295"]
[BlackElo "2056"]
[WhiteFideId "2600072"]
[BlackFideId "1005570"]
[EventDate "2013.10.18"]

1. Nf3 Nf6 2. c4 g6 3. Nc3 Bg7 4. e4 d6 5. d4 O-O 6. h3 c6 7. Be3 e5 8. d5 cxd5
9. cxd5 Na6 10. Nd2 Bd7 11. Be2 Qb8 12. a4 Rc8 13. O-O Be8 14. a5 Nd7 15. Qb3
Bf8 16. Qa3 Nc7 17. b4 b5 18. a6 Nb6 19. Rfc1 Na4 20. Ndb1 Nxc3 21. Nxc3 Bd7 22.
Ra2 Be7 23. Rac2 Ne8 24. Nb1 Rxc2 25. Rxc2 Bd8 26. Nd2 Bb6 27. Bg4 f5 28. exf5
gxf5 29. Be2 Nf6 30. Nf3 Kh8 31. Ng5 Bxe3 32. Qxe3 Nxd5 33. Qd2 Qg8 34. Bf3 e4
35. Qd4+ 1-0

[Event "17th Unive Open 2013"]
[Site "Hoogeveen NED"]
[Date "2013.10.18"]
[Round "1.26"]
[White "Hoffman, Ron"]
[Black "Pel, Bonno"]
[Result "0-1"]
[BlackTitle "FM"]
[WhiteElo "2055"]
[BlackElo "2291"]
[WhiteFideId "1007599"]
[BlackFideId "1004760"]
[EventDate "2013.10.18"]

1. d4 d6 2. e4 g6 3. Bd3 Bg7 4. c3 e5 5. Nf3 Nc6 6. Be3 Nf6 7. h3 O-O 8. O-O Nh5
9. Re1 h6 10. Nbd2 Qf6 11. Bf1 Nf4 12. b4 g5 13. b5 Ne7 14. dxe5 dxe5 15. Bc5
Rd8 16. Qc2 Neg6 17. Nh2 h5 18. Nc4 b6 19. Bb4 Bf8 20. Bxf8 Nxf8 21. Ne3 Be6 22.
Nf5 Nd7 23. g3 Ng6 24. Be2 Qh8 25. Nf3 f6 26. h4 g4 27. Nd2 Nc5 28. Bc4 Kf7 29.
Bxe6+ Nxe6 30. Nc4 Qe8 31. a4 Ne7 32. Nce3 Nxf5 33. Nxf5 Nc5 34. Rad1 Rxd1 35.
Rxd1 Rd8 36. Rd2 Kg6 37. Rd5 Rxd5 38. exd5 e4 39. Ne3 Qe5 40. Kg2 f5 41. Qd2 Nd3
42. Nc4 Qe7 43. Qe3 Qf6 44. a5 Kf7 45. axb6 cxb6 46. Qg5 Qxg5 47. hxg5 Ne1+ 48.
Kf1 Nf3 49. Ne3 Nxg5 50. Nxf5 Kf6 51. Ne3 Ke5 52. Ke2 Nf7 53. Kd2 Nd6 54. c4 Kd4
55. Kc2 h4 56. Nxg4 hxg3 57. fxg3 Nxc4 58. Nf6 Na3+ 59. Kd2 Nxb5 60. g4 Ke5 61.
g5 Nd6 62. Ke3 Nf5+ 63. Kd2 b5 64. Nh5 Ne7 65. d6 Kxd6 66. Nf6 Ke5 67. Nd7+ Kf4
68. Nf8 Kf3 69. Ne6 Kf2 70. Nf4 Kf3 71. Ne2 a6 72. Nc3 b4 73. Ne2 Ng6 74. Nd4+
Kf2 75. Ne2 Ne5 76. Nd4 e3+ 77. Kd1 a5 78. Nc2 e2+ 79. Kd2 Nf3+ 80. Kd3 Nxg5 0-1

[Event "17th Unive Open 2013"]
[Site "Hoogeveen NED"]
[Date "2013.10.18"]
[Round "1.27"]
[White "Englert, Fabian"]
[Black "Bakels, Anton"]
[Result "1-0"]
[WhiteElo "2290"]
[BlackElo "2043"]
[WhiteFideId "24614467"]
[BlackFideId "1046187"]
[EventDate "2013.10.18"]

1. c4 Nf6 2. Nc3 g6 3. d4 Bg7 4. Nf3 O-O 5. Bg5 d6 6. e3 Nbd7 7. Be2 e5 8. O-O
h6 9. Bh4 g5 10. Bg3 Nh5 11. dxe5 Nxg3 12. hxg3 dxe5 13. Qc2 c6 14. Rab1 a5 15.
a3 f5 16. Nd2 Qe7 17. g4 Nc5 18. b4 axb4 19. axb4 Na6 20. c5 fxg4 21. Nde4 Nc7
22. Nd6 Be6 23. Nxb7 Ne8 24. Na5 Rxa5 25. bxa5 Qxc5 26. a6 g3 27. fxg3 Qxe3+ 28.
Kh2 Nf6 29. Rb7 Ng4+ 30. Bxg4 Rxf1 31. Bxe6+ Kh8 32. Rb8+ Bf8 33. Rxf8+ Rxf8 34.
Qg6 g4 35. Bf5 Rxf5 36. Qxf5 1-0

[Event "17th Unive Open 2013"]
[Site "Hoogeveen NED"]
[Date "2013.10.18"]
[Round "1.28"]
[White "Lecomte, Robin"]
[Black "Kerigan, Demre"]
[Result "0-1"]
[WhiteElo "2040"]
[BlackElo "2288"]
[WhiteFideId "1037170"]
[BlackFideId "6307841"]
[EventDate "2013.10.18"]

1. d4 g6 2. Nf3 Bg7 3. c4 d6 4. Nc3 Nf6 5. e4 O-O 6. Be3 Bg4 7. Be2 Nfd7 8. h3
Bxf3 9. Bxf3 Nc6 10. O-O e5 11. d5 Nd4 12. Bxd4 exd4 13. Nb5 a6 14. Nxd4 Qf6 15.
Nc2 Qxb2 16. Rb1 Qxa2 17. Rxb7 Qxc4 18. Ne3 Qc5 19. Qc1 Bc3 20. Bg4 Ne5 21. Qb1
Bd2 22. Nc2 Ba5 23. Ne3 Bb6 24. Rc1 Qb5 25. Qxb5 axb5 26. Rb1 Ra4 27. Bf3 b4 28.
Bd1 Ra2 29. Bb3 Rd2 30. Nc4 Bxf2+ 31. Kh1 Nxc4 32. Bxc4 Bb6 33. Rxb4 Rd4 34. e5
dxe5 35. Ra4 e4 0-1

[Event "17th Unive Open 2013"]
[Site "Hoogeveen NED"]
[Date "2013.10.18"]
[Round "1.29"]
[White "Van Der Poel, Henk"]
[Black "Van Wageningen, Arie"]
[Result "0-1"]
[WhiteTitle "FM"]
[WhiteElo "2246"]
[BlackElo "2036"]
[WhiteFideId "1002449"]
[BlackFideId "1033450"]
[EventDate "2013.10.18"]

1. e4 e6 2. d4 d5 3. Nc3 Nf6 4. Bg5 Be7 5. e5 Nfd7 6. Bxe7 Qxe7 7. f4 a6 8. Nf3
c5 9. Qd2 Nc6 10. dxc5 Nxc5 11. O-O-O Bd7 12. f5 O-O-O 13. Qf4 Be8 14. Be2 Rg8
15. h4 Qc7 16. Rhe1 h6 17. Bf1 Kb8 18. Kb1 Ka8 19. g3 Rc8 20. Bh3 Bd7 21. Nd4
Nxd4 22. Rxd4 Rgd8 23. Qd2 Kb8 24. a3 Qc6 25. Bg2 Be8 26. g4 Bd7 27. Rf1 Qc7 28.
Qe2 Bc6 29. Rfd1 Nd7 30. Re1 Nb6 31. Qd1 Be8 32. Bf1 Qe7 33. Rb4 Rc6 34. Qd4 Qc7
35. Rd1 Rc8 36. h5 Nd7 37. Re1 Qa5 38. Re3 Qd8 39. Qf4 Ka8 40. Rd4 Qc7 41. g5
hxg5 42. Qxg5 Qb6 43. Rb4 Qc5 44. Qf4 exf5 45. Qd4 f6 46. Qxc5 Rxc5 47. exf6
Nxf6 48. Re7 R5c7 49. Rxc7 Rxc7 50. Bd3 Bxh5 51. Bxf5 Re7 52. Kc1 Bf3 53. Rf4
Bh5 54. Kd2 Kb8 55. Bh3 Kc7 56. Rf5 Kd6 57. Nxd5 Re2+ 58. Kd3 Nxd5 0-1

[Event "17th Unive Open 2013"]
[Site "Hoogeveen NED"]
[Date "2013.10.18"]
[Round "1.30"]
[White "Hummel, Paul"]
[Black "Wunnink, Michael"]
[Result "0-1"]
[WhiteElo "2023"]
[BlackElo "2244"]
[WhiteFideId "1021168"]
[BlackFideId "1005448"]
[EventDate "2013.10.18"]

1. Nf3 d5 2. d4 Nf6 3. g3 g6 4. Bg2 Bg7 5. O-O O-O 6. c4 dxc4 7. Nc3 c6 8. a4 a5
9. Qc2 Na6 10. Rd1 Nb4 11. Qb1 Bf5 12. e4 Bg4 13. b3 cxb3 14. Qxb3 Nd7 15. Be3
e5 16. d5 Qe7 17. Rab1 cxd5 18. Nxd5 Nxd5 19. Qxd5 Nf6 20. Qxb7 Qxb7 21. Rxb7
Nxe4 22. h3 Nc3 23. Rd6 Bxf3 24. Bxf3 e4 25. Bg2 Nxa4 26. Rdd7 Nc3 27. Bc5 Rfb8
28. Rxf7 Rxb7 29. Rxb7 a4 30. Rxg7+ Kxg7 31. Bd4+ Kf7 32. Bxc3 Rc8 33. Bb2 Rb8
34. Bd4 Rb1+ 35. Bf1 Ke6 36. Kg2 Kd5 37. Bf6 a3 38. f3 exf3+ 39. Kxf3 0-1

[Event "17th Unive Open 2013"]
[Site "Hoogeveen NED"]
[Date "2013.10.18"]
[Round "1.31"]
[White "Dijkhuis, Tycho"]
[Black "Ritsema, Ronald"]
[Result "1-0"]
[WhiteElo "2219"]
[BlackElo "2012"]
[WhiteFideId "1036564"]
[BlackFideId "1010409"]
[EventDate "2013.10.18"]

1. e4 e6 2. d4 d5 3. Nc3 Bb4 4. e5 c5 5. a3 Bxc3+ 6. bxc3 Qa5 7. Bd2 Qa4 8. Qb1
c4 9. h4 Nc6 10. h5 h6 11. g3 Nge7 12. Ne2 Bd7 13. Bh3 O-O-O 14. Nf4 Kb8 15. O-O
Bc8 16. Qc1 Ka8 17. Ng2 Qa5 18. Ne3 Rdf8 19. Kh2 f6 20. f4 Qd8 21. a4 Qe8 22.
Qd1 fxe5 23. fxe5 Rxf1 24. Bxf1 Rf8 25. Bg2 Nf5 26. Nxf5 Rxf5 27. g4 Rf7 28. Bc1
Qd8 29. Qe1 Qa5 30. Bd2 a6 31. Bh3 Qd8 32. Bc1 Qa5 33. Be3 Qb6 34. Qc1 Qa5 35.
Qa3 Rf3 36. Re1 Qd8 37. Kg2 Qf8 38. Qxf8 Rxf8 39. Bc1 Na7 40. Ba3 Rf7 41. g5
hxg5 42. Rf1 Rxf1 43. Kxf1 b5 44. axb5 a5 45. Bf8 a4 46. Ke1 Nxb5 47. Kd2 a3 48.
Kc1 Kb7 49. Bxg7 Nxc3 50. h6 Nd1 51. Kb1 1-0

[Event "17th Unive Open 2013"]
[Site "Hoogeveen NED"]
[Date "2013.10.18"]
[Round "1.33"]
[White "Clemens, Adrian"]
[Black "Cebula, Jerzy"]
[Result "1/2-1/2"]
[WhiteTitle "FM"]
[WhiteElo "2206"]
[BlackElo "2001"]
[WhiteFideId "1006487"]
[BlackFideId "1036742"]
[EventDate "2013.10.18"]

1. d4 Nf6 2. c4 c5 3. d5 e6 4. Nc3 exd5 5. cxd5 d6 6. Nf3 g6 7. Bf4 Bg7 8. Qa4+
Bd7 9. Qb3 Qc7 10. e4 O-O 11. Nd2 a6 12. a4 Nh5 13. Be3 f5 14. f3 f4 15. Bf2 Kh8
16. Be2 Bc8 17. Nc4 Nd7 18. a5 Ne5 19. Qb6 Qxb6 20. Nxb6 Rb8 21. O-O g5 22. Nca4
Bd7 23. Nxd7 Nxd7 24. Ra2 Ne5 25. Nb6 Rf7 26. Rc1 Rbf8 27. Ra4 g4 28. b4 g3 29.
hxg3 cxb4 30. gxf4 Nxf4 31. Kf1 Ng4 32. Rxb4 Nh2+ 33. Ke1 Nxg2+ 34. Kd1 Nxf3 35.
Rc8 Ne5 36. Rxf8+ Rxf8 37. Bg1 Nf3 38. Nd7 Rf7 39. Bxf3 Rxf3 40. Rxb7 Bc3 41.
Bb6 h5 42. Ke2 Rf7 43. Rc7 Nf4+ 44. Ke3 Bg7 45. Nb8 Ng2+ 46. Ke2 Rf4 47. Nxa6
Rxe4+ 48. Kf3 Rg4 49. Rc8+ Kh7 50. Nc7 Nh4+ 51. Ke2 Nf5 52. a6 h4 53. Ne6 h3 54.
a7 h2 55. Rc1 Ra4 56. Kf3 Be5 57. Bf2 Nd4+ 58. Bxd4 Bxd4 59. Nxd4 Rxa7 60. Rh1
Ra2 61. Ne2 Ra3+ 62. Kf4 Ra4+ 63. Kf5 Rh4 64. Ng3 Rh3 65. Nf1 Kg7 66. Kf4 Rd3
67. Ke4 Rd1 68. Ng3 Rg1 69. Nf5+ Kf6 70. Rxh2 Rg4+ 1/2-1/2